00400nam a2200133Ia 45000010005000000080041000050200022000460820023000681000025000912450083001162600025001999010027002249990015002514199241024s9999 xx 000 0 und d a978-9945-08-239-5 aRD/868.5/ST839a/ll aHerbert Stern Díaz 0aApuntes y documentos para la história de la medicina dominicana del siglo 20 bEditora Búhoc2015 a19/8/2016 2:34:26 p.m. c7691d7691